All Division I College Football Teams by Conference - Statistics

General Stats
  • This quiz has been taken 14 times
  • The average score is 172 of 264
Answer Stats
Conference Answer % Correct
BIG TEN UCLA
100%
BIG TEN USC
100%
ACC California
91%
ACC Clemson
91%
ACC Duke
91%
ACC Miami (FL)
91%
MAC Miami (OH)
91%
ACC NC State
91%
ACC North Carolina
91%
Ivy League Pennsylvania
91%
BIG TEN Purdue
91%
ACC Stanford
91%
ACC Virginia
91%
ACC Wake Forest
91%
Big 12 Arizona
82%
Big 12 Arizona State
82%
The American Army
82%
Mountain West Boise State
82%
ACC Boston College
82%
Big 12 BYU
82%
Big 12 Cincinnati
82%
Big 12 Colorado
82%
Mountain West Colorado State
82%
ACC Florida State
82%
SEC Georgia
82%
ACC Georgia Tech
82%
Mountain West Hawaii
82%
BIG TEN Illinois
82%
BIG TEN Indiana
82%
BIG TEN Iowa
82%
Big 12 Kansas
82%
Big 12 Kansas State
82%
ACC Louisville
82%
The American Memphis
82%
BIG TEN Michigan
82%
BIG TEN Michigan State
82%
BIG TEN Minnesota
82%
The American Navy
82%
BIG TEN Nebraska
82%
FBS Independents Notre Dame
82%
MAC Ohio
82%
BIG TEN Ohio State
82%
BIG TEN Oregon
82%
BIG TEN Penn State
82%
ACC Pittsburgh
82%
Pioneer League San Diego
82%
Mountain West San Jose State
82%
ACC SMU
82%
ACC Syracuse
82%
The American Tulane
82%
FBS Independents UConn
82%
MAC UMass
82%
Big 12 Utah
82%
Mountain West Utah State
82%
ACC Virginia Tech
82%
BIG TEN Washington
82%
PAC-12 Washington State
82%
Mountain West Air Force
73%
SEC Alabama
73%
SEC Arkansas
73%
Big 12 Baylor
73%
Ivy League Brown
73%
MAC Buffalo
73%
The American Charlotte
73%
Ivy League Cornell
73%
Ivy League Dartmouth
73%
Conference-USA Delaware
73%
The American East Carolina
73%
UAC Eastern Kentucky
73%
MAC Eastern Michigan
73%
SEC Florida
73%
Mountain West Fresno State
73%
Ivy League Harvard
73%
Big 12 Houston
73%
Big Sky Idaho
73%
Big 12 Iowa State
73%
Conference-USA Jacksonville State
73%
MAC Kent State
73%
Conference-USA Liberty
73%
Sun Belt Louisiana
73%
Conference-USA Louisiana Tech
73%
CAA Maine
73%
Sun Belt Marshall
73%
BIG TEN Maryland
73%
SEC Missouri
73%
Conference-USA Missouri State
73%
Big Sky Montana
73%
Mountain West Nevada
73%
Mountain West New Mexico
73%
Conference-USA New Mexico State
73%
Missouri Valley North Dakota
73%
MAC Northern Illinois
73%
BIG TEN Northwestern
73%
SEC Oklahoma
73%
Big 12 Oklahoma State
73%
PAC-12 Oregon State
73%
Big Sky Portland State
73%
Ivy League Princeton
73%
CAA Rhode Island
73%
BIG TEN Rutgers
73%
Mountain West San Diego State
73%
SEC South Carolina
73%
Missouri Valley South Dakota
73%
SWAC Southern
73%
The American South Florida
73%
The American Temple
73%
SEC Tennessee
73%
OVC-Big South Tennessee State
73%
SEC Texas
73%
SEC Texas A&M
73%
Big 12 Texas Tech
73%
MAC Toledo
73%
Sun Belt Troy
73%
The American Tulsa
73%
Big 12 UCF
73%
Mountain West UNLV
73%
Conference-USA UTEP
73%
MAC Western Michigan
73%
Big 12 West Virginia
73%
BIG TEN Wisconsin
73%
Mountain West Wyoming
73%
Ivy League Yale
73%
MAC Akron
64%
SWAC Alabama A&M
64%
SWAC Alabama State
64%
CAA Albany
64%
Sun Belt Appalachian State
64%
Sun Belt Arkansas State
64%
SEC Auburn
64%
UAC Austin Peay
64%
SWAC Bethune-Cookman
64%
MAC Bowling Green
64%
Pioneer League Butler
64%
MAC Central Michigan
64%
Sun Belt Coastal Carolina
64%
Ivy League Columbia
64%
NEC Duquesne
64%
Big Sky Eastern Washington
64%
Conference-USA FIU
64%
The American Florida Atlantic
64%
Patriot League Georgetown
64%
Sun Belt Georgia Southern
64%
Sun Belt Georgia State
64%
Big Sky Idaho State
64%
Conference-USA Kennesaw State
64%
SEC Kentucky
64%
Patriot League Lafayette
64%
Patriot League Lehigh
64%
Sun Belt Louisiana-Monroe
64%
SEC LSU
64%
SEC Mississippi State
64%
Big Sky Montana State
64%
Missouri Valley North Dakota State
64%
Big Sky Northern Arizona
64%
The American North Texas
64%
Sun Belt Old Dominion
64%
SEC Ole Miss
64%
The American Rice
64%
Big Sky Sacramento State
64%
MEAC SC State
64%
Sun Belt South Alabama
64%
Missouri Valley South Dakota State
64%
Missouri Valley Southern Illinois
64%
Sun Belt Southern Miss
64%
Big 12 TCU
64%
OVC-Big South Tennessee Tech
64%
Sun Belt Texas State
64%
The American UAB
64%
Big Sky UC Davis
64%
The American UTSA
64%
SEC Vanderbilt
64%
Big Sky Weber State
64%
OVC-Big South Western Illinois
64%
Conference-USA Western Kentucky
64%
UAC Abilene Christian
55%
SWAC Alcorn State
55%
SWAC Arkansas-Pine Bluff
55%
MAC Ball State
55%
Patriot League Bucknell
55%
Big Sky Cal Poly
55%
Southern Chattanooga
55%
Pioneer League Davidson
55%
Pioneer League Dayton
55%
MEAC Delaware State
55%
OVC-Big South Eastern Illinois
55%
Southern East Tennessee State
55%
Southland East Texas A&M
55%
SWAC Florida A&M
55%
Patriot League Fordham
55%
Missouri Valley Indiana State
55%
SWAC Jackson State
55%
OVC-Big South Lindenwood
55%
NEC LIU
55%
Southland McNeese
55%
Southern Mercer
55%
NEC Mercyhurst
55%
FCS Independents Merrimack
55%
Conference-USA Middle Tennessee
55%
SWAC Mississippi Valley State
55%
CAA New Hampshire
55%
Southland Nicholls
55%
Big Sky Northern Colorado
55%
Southland Northwestern State
55%
Pioneer League Presbyterian
55%
Patriot League Richmond
55%
Southland Southeastern Louisiana
55%
UAC Southern Utah
55%
Southland Stephen F. Austin
55%
Pioneer League Stetson
55%
CAA Stony Brook
55%
Southern The Citadel
55%
OVC-Big South UT Martin
55%
Southland UTRGV
55%
Pioneer League Valparaiso
55%
CAA Villanova
55%
Southern Western Carolina
55%
Southern Wofford
55%
CAA Bryant
45%
UAC Central Arkansas
45%
NEC Central Connecticut
45%
OVC-Big South Charleston Southern
45%
Patriot League Colgate
45%
Pioneer League Drake
45%
CAA Elon
45%
Southern Furman
45%
SWAC Grambling
45%
Patriot League Holy Cross
45%
MEAC Howard
45%
Missouri Valley Illinois State
45%
Southland Incarnate Word
45%
Sun Belt James Madison
45%
Southland Lamar
45%
Pioneer League Marist
45%
Pioneer League Morehead State
45%
Missouri Valley Murray State
45%
MEAC Norfolk State
45%
UAC North Alabama
45%
CAA North Carolina A&T
45%
Missouri Valley Northern Iowa
45%
SWAC Prairie View A&M
45%
FCS Independents Sacred Heart
45%
Pioneer League Saint Thomas (MN)
45%
Southern Samford
45%
Conference-USA Sam Houston
45%
NEC Stonehill
45%
UAC Tarleton State
45%
SWAC Texas Southern
45%
CAA Towson
45%
UAC Utah Tech
45%
Southern VMI
45%
NEC Wagner
45%
Missouri Valley Youngstown State
45%
OVC-Big South Gardner-Webb
36%
CAA Hampton
36%
Southland Houston Christian
36%
CAA Monmouth
36%
MEAC Morgan State
36%
MEAC North Carolina Central
36%
NEC Robert Morris
36%
OVC-Big South Southeast Missouri State
36%
CAA William & Mary
36%
CAA Campbell
27%
NEC Saint Francis (PA)
27%
UAC West Georgia
27%
No matching quizzes found
Score Distribution
Percent of People with Each Score
Percentile by Number Answered
Your Score History
You have not taken this quiz